[Event "TUR-chT"]
[Site "Izmir"]
[Date "2016.07.26"]
[Round "2.8"]
[White "Mammadova, Narmin"]
[Black "Gundogan, Sinem Cagla"]
[Result "1/2-1/2"]
[WhiteElo "2198"]
[BlackElo "1845"]
[PlyCount "128"]
[EventDate "2016.07.25"]
[EventType "team-swiss"]
[EventRounds "13"]
[EventCountry "TUR"]
[SourceTitle "CBM 173 Extra"]
[Source "ChessBase"]
[SourceDate "2016.08.29"]
[SourceVersion "1"]
[SourceVersionDate "2016.08.29"]
[SourceQuality "1"]
[WhiteTeam "Onur Koleji Genc"]
[BlackTeam "Hatay Buyuksehir"]
[WhiteTeamCountry "TUR"]
[BlackTeamCountry "TUR"]

1. Nf3 d5 2. g3 c6 3. Bg2 Bg4 4. c4 Nd7 5. cxd5 cxd5 6. Qa4 Bxf3 7. Bxf3 Ngf6 8. Nc3 e6 9. e4 dxe4 10. Nxe4 Nd5 11. 0-0 Be7 12. Nc3 0-0 13. Nxd5 exd5 14. d4 Nb6 15. Qb5 Bf6 16. Rd1 Rc8 17. a4 a6 18. Qb3 Rc7 19. Bf4 Re7 20. Bd2 Rfe8 21. Ba5 Re6 22. Rac1 Bg5 23. Rc2 Qf6 24. Bxb6 Rxb6 25. Qxd5 Rd8 26. Qe4 Rb4 27. h4 Bh6 28. a5 g6 29. Kg2 Rdxd4 30. Rxd4 Qxd4 31. Qxd4 Rxd4 32. Bxb7 Ra4 33. Bxa6 Rxa5 34. Bc4 Bf8 35. Rd2 Rc5 36. b3 Rc7 37. Kf3 Bb4 38. Rd8+ Kg7 39. Rb8 Bd6 40. Rd8 Bb4 41. Ke2 Re7+ 42. Kf1 Rc7 43. Re8 Kf6 44. g4 Rd7 45. Kg2 Rd4 46. f3 Rd2+ 47. Kf1 Rd1+ 48. Kf2 Rh1 49. Rb8 Bc5+ 50. Ke2 Rxh4 51. Rb7 Ke5 52. Rxf7 Kd4 53. Rd7+ Kc3 54. Kf1 Rh2 55. Rd3+ Kb4 56. Ke1 g5 57. Rd2 Rxd2 58. Kxd2 Bd6 59. Kd3 Bf4 60. Ke4 Bc1 61. Kf5 Bd2 62. Kf6 Bc1 63. Kg7 Bf4 64. Kxh7 Bd2 1/2-1/2

[Event "TUR-chT"]
[Site "Izmir"]
[Date "2016.07.25"]
[Round "1.6"]
[White "Saim, Sida"]
[Black "Mammadova, Narmin"]
[Result "0-1"]
[WhiteElo "1643"]
[BlackElo "2198"]
[PlyCount "104"]
[EventDate "2016.07.25"]
[EventType "team-swiss"]
[EventRounds "13"]
[EventCountry "TUR"]
[SourceTitle "CBM 173 Extra"]
[Source "ChessBase"]
[SourceDate "2016.08.29"]
[SourceVersion "1"]
[SourceVersionDate "2016.08.29"]
[SourceQuality "1"]
[WhiteTeam "Akdeniz Vida Metal"]
[BlackTeam "Onur Koleji Genc"]
[WhiteTeamCountry "TUR"]
[BlackTeamCountry "TUR"]

1. d4 d5 2. c4 dxc4 3. Nc3 e6 4. e4 c5 5. d5 Nf6 6. Bxc4 e5 7. Nf3 Bd6 8. 0-0 0-0 9. Bg5 a6 10. a4 Bg4 11. h3 Bh5 12. Be2 h6 13. Bh4 Nbd7 14. Nd2 Bg6 15. Nc4 Qc7 16. Bf3 b6 17. Re1 Rfb8 18. Nxd6 Qxd6 19. Qe2 Rc8 20. Qc4 Ne8 21. Bg3 Qe7 22. Bg4 Nd6 23. Qe2 Re8 24. Bxd7 Qxd7 25. Ra2 f6 26. f3 Kh7 27. Bf2 Qc7 28. Rea1 f5 29. Bg3 f4 30. Bf2 Bf7 31. Kh2 g5 32. Kg1 Rg8 33. Kh2 h5 34. Rh1 Rg6 35. g4 hxg4 36. hxg4 Kg7 37. Kg2 Qc8 38. Raa1 Qb7 39. Rh2 Rh6 40. Rxh6 Kxh6 41. Rh1+ Kg7 42. Ra1 Rc8 43. Ra2 Be8 44. Qf1 Bd7 45. Qh1 Rh8 46. Qg1 a5 47. Ra1 Qc8 48. Rc1 Bxg4 49. fxg4 Qxg4+ 50. Kf1 Qf3 51. Qxg5+ Kf7 52. Ne2 Rh2 0-1

[Event "Poti Aleksandria Cup 11th"]
[Site "Poti"]
[Date "2016.07.15"]
[Round "3"]
[White "Bakunts, Rafael"]
[Black "Mammadova, Narmin"]
[Result "1/2-1/2"]
[WhiteElo "2384"]
[BlackElo "2198"]
[PlyCount "71"]
[EventDate "2016.07.13"]
[EventType "swiss"]
[EventRounds "9"]
[EventCountry "GEO"]
[SourceTitle "CBM 173 Extra"]
[Source "ChessBase"]
[SourceDate "2016.08.29"]
[SourceVersion "1"]
[SourceVersionDate "2016.08.29"]
[SourceQuality "1"]

1. e4 c6 2. d4 d5 3. e5 Bf5 4. Nf3 e6 5. Be2 h6 6. Nbd2 c5 7. c4 Nc6 8. Nb3 dxc4 9. Bxc4 cxd4 10. Nbxd4 Bb4+ 11. Bd2 Bxd2+ 12. Qxd2 Nge7 13. Nxf5 Qxd2+ 14. Kxd2 Nxf5 15. Rad1 0-0 16. Ke2 Rfd8 17. h4 Rac8 18. Rxd8+ Rxd8 19. Rd1 Nfd4+ 20. Nxd4 Nxd4+ 21. Kf1 Kf8 22. f4 h5 23. Be2 g6 24. g4 hxg4 25. Bxg4 Ke7 26. Kf2 f6 27. exf6+ Kxf6 28. Bf3 b6 29. Be4 Rd6 30. Rd3 e5 31. Ke3 exf4+ 32. Kxf4 Ne6+ 33. Ke3 Rxd3+ 34. Bxd3 g5 35. hxg5+ Nxg5 36. Kd4 1/2-1/2

[Event "Poti Aleksandria Cup 11th"]
[Site "Poti"]
[Date "2016.07.14"]
[Round "2"]
[White "Mammadova, Narmin"]
[Black "Kantane, Anna"]
[Result "1-0"]
[WhiteElo "2198"]
[BlackElo "2333"]
[PlyCount "129"]
[EventDate "2016.07.13"]
[EventType "swiss"]
[EventRounds "9"]
[EventCountry "GEO"]
[SourceTitle "CBM 173 Extra"]
[Source "ChessBase"]
[SourceDate "2016.08.29"]
[SourceVersion "1"]
[SourceVersionDate "2016.08.29"]
[SourceQuality "1"]

1. Nf3 Nf6 2. g3 g6 3. Bg2 Bg7 4. 0-0 0-0 5. d3 d5 6. Nbd2 c5 7. e4 Nc6 8. Re1 e5 9. exd5 Nxd5 10. Nc4 Re8 11. a4 f6 12. c3 Be6 13. Qc2 Qd7 14. Bd2 b6 15. Rad1 Rad8 16. Bc1 a6 17. Ne3 Nxe3 18. Bxe3 Na5 19. Nd2 Qf7 20. b4 Nb3 21. Rb1 Nd4 22. Bxd4 cxd4 23. c4 Qc7 24. Nb3 f5 25. a5 bxa5 26. Nxa5 e4 27. dxe4 d3 28. Qd2 f4 29. e5 Bh6 30. Nc6 f3 31. Qxh6 Qxc6 32. b5 Qa8 33. Bf1 Bxc4 34. b6 Qb7 35. Rec1 Rc8 36. Qf4 Bb5 37. Rd1 Qxb6 38. Bxd3 Qc6 39. Be4 Qc7 40. Bd5+ Kh8 41. Rbc1 Qg7 42. Rxc8 Rxc8 43. Bxf3 Rf8 44. Qe3 Re8 45. Re1 Bc4 46. Qd4 Be6 47. Bc6 Rf8 48. Qd6 Qf7 49. f3 Kg8 50. Rb1 Ba2 51. Rb2 Rc8 52. Rb7 Qc4 53. Qd7 Qc1+ 54. Kg2 Qc2+ 55. Kh3 Qf5+ 56. Qxf5 gxf5 57. Bd7 Rc3 58. Bxf5 Rxf3 59. Bxh7+ Kf8 60. Kg4 Rb3 61. Ra7 Ra3 62. Kg5 a5 63. Kf6 Bd5 64. e6 Rf3+ 65. Ke5 1-0

[Event "Poti Aleksandria Cup 11th"]
[Site "Poti"]
[Date "2016.07.13"]
[Round "1"]
[White "Evdokimov, Alexander A"]
[Black "Mammadova, Narmin"]
[Result "1/2-1/2"]
[WhiteElo "2503"]
[BlackElo "2198"]
[PlyCount "87"]
[EventDate "2016.07.13"]
[EventType "swiss"]
[EventRounds "9"]
[EventCountry "GEO"]
[SourceTitle "CBM 173 Extra"]
[Source "ChessBase"]
[SourceDate "2016.08.29"]
[SourceVersion "1"]
[SourceVersionDate "2016.08.29"]
[SourceQuality "1"]

1. b3 Nf6 2. Bb2 e6 3. e3 d5 4. f4 Bd6 5. Nf3 Nbd7 6. Ne5 0-0 7. Qf3 c5 8. Bd3 Qc7 9. Nxd7 Nxd7 10. 0-0 f5 11. c4 dxc4 12. Bxc4 Nb6 13. Na3 Nxc4 14. Nxc4 Be7 15. Rac1 Bd7 16. Be5 Qc6 17. Qg3 Bf6 18. Bxf6 Rxf6 19. Ne5 Qd6 20. Rxc5 Qxc5 21. Nxd7 Qe7 22. Nxf6+ Qxf6 23. Rc1 Qd8 24. Qe1 Rc8 25. h3 h6 26. Qf1 Rxc1 27. Qxc1 Kh7 28. Qc3 a6 29. d3 Qb6 30. Kf2 Qd6 31. a4 b5 32. a5 Qa3 33. Kf3 b4 34. Qc4 Qxa5 35. Qxe6 Qb5 36. Ke2 a5 37. Qe5 Qc6 38. Qxf5+ Kg8 39. e4 Qc2+ 40. Ke3 Qc1+ 41. Kf2 Qc2+ 42. Ke3 Qc1+ 43. Kf2 Qc2+ 44. Ke3 1/2-1/2

[Event "Nakhchivan op"]
[Site "Nakhchivan"]
[Date "2016.05.16"]
[Round "7"]
[White "Mammadova, Narmin"]
[Black "Ahmadzada, Ahmad Samir"]
[Result "1-0"]
[WhiteElo "2183"]
[BlackElo "2207"]
[PlyCount "71"]
[EventDate "2016.05.10"]
[EventType "swiss"]
[EventRounds "9"]
[EventCountry "AZE"]
[SourceTitle "EXT 2017"]
[Source "ChessBase"]
[SourceDate "2016.10.25"]
[SourceVersion "1"]
[SourceVersionDate "2016.10.25"]
[SourceQuality "1"]

1. e4 c5 2. c3 Nf6 3. e5 Nd5 4. Nf3 e6 5. d4 cxd4 6. cxd4 d6 7. Bd3 Nc6 8. a3 Be7 9. 0-0 0-0 10. Qe2 dxe5 11. dxe5 b6 12. Qe4 g6 13. Bh6 Re8 14. Nbd2 Bb7 15. Rac1 a6 16. Bb1 b5 17. Qg4 Qb8 18. Rfe1 Ra7 19. h4 Bf8 20. Bxf8 Rxf8 21. h5 Kg7 22. Ng5 Nde7 23. Qh4 Nf5 24. Bxf5 gxf5 25. Nge4 Qd8 26. h6+ Kh8 27. Nf6 Rg8 28. Nf3 Rg6 29. Rcd1 Qf8 30. Ng5 Bc8 31. Rc1 Nxe5 32. Nfxh7 Qg8 33. Rxe5 f6 34. Rec5 fxg5 35. Qd4+ Kxh7 36. Rxc8 1-0

[Event "Dubai op 18th"]
[Site "Dubai"]
[Date "2016.04.11"]
[Round "1"]
[White "Savchenko, Boris"]
[Black "Mammadova, Narmin"]
[Result "1-0"]
[WhiteElo "2607"]
[BlackElo "2204"]
[PlyCount "45"]
[EventDate "2016.04.11"]
[EventType "swiss"]
[EventRounds "9"]
[EventCountry "UAE"]
[SourceTitle "CBM 172 Extra"]
[Source "ChessBase"]
[SourceDate "2016.06.21"]
[SourceVersion "1"]
[SourceVersionDate "2016.06.21"]
[SourceQuality "1"]

1. e4 c6 2. d4 d5 3. e5 Bf5 4. h4 Qb6 5. a3 Bd7 6. c4 e6 7. Nf3 Ne7 8. Nc3 h5 9. b4 Nf5 10. c5 Qc7 11. Bd3 b6 12. 0-0 bxc5 13. dxc5 Be7 14. g3 0-0 15. Ne2 g6 16. Re1 Kg7 17. Bxf5 exf5 18. e6 fxe6 19. Bb2+ Bf6 20. Bxf6+ Rxf6 21. Nf4 Na6 22. Qd4 Re8 23. Ne5 1-0